Mechanical vibration, Shock and Condition Monitoring : Vocabulary /

Guardado en:
Detalles Bibliográficos
Autor corporativo: ISO
Formato: Libro
Idioma:Inglés
Publicado: Ginebra, Suiza : ISO, 2018, c2018
Temas:
Etiquetas: Agrega una etiqueta
Sin etiquetas, Sé el primero en etiquetar este registro!

MARC

LEADER 00000nam^a2200000^a^4500
001 000618392
005 20250811000000.0
009 20260310133759.26
037 |a Acervo ITESO - Biblioteca 
041 |a ING 
082 |a 620. 3  |b ISO 2041:2018 
110 |a ISO 
240 1 1 |a [ISO 2041:2018] 
245 1 0 |a Mechanical vibration, Shock and Condition Monitoring :  |b Vocabulary /  |c ISO. 
264 4 |a Ginebra, Suiza :  |b ISO,  |c 2018, c2018 
300 |a IV, 56 p. 
336 |a texto  |b txt  |2 rdacontenido 
337 |a sin mediación  |b n  |2 rdamedio 
338 |a volumen  |b nc  |2 rdasoporte 
521 |a Peticiones 2025 
649 |a XX 
650 |a Transmisión de Datos 
650 |a Instrumentos de Medición 
650 |a Transductores de Vibración 
650 |a Vibración -  |x Glosarios, Vocabularios, etc. -  |x Tema Principal 
650 |a Vibración -  |x Prueba y Medición -  |x Tema Principal 
650 |a Normalización y Certificación -  |x Tema Principal 
650 |a Mecánica 
650 |a Ingeniería 
910 |a Fondo General 
920 |a Impresos - Libros 
930 |a Obras de Referencia 
905 |a 102 
901 |a 618392-10  |b IT2  |c REF  |i C190458  |u 20250811 
902 |a https://opac.biblio.iteso.mx/vufind/Record/000618392